000
00319 a2200145 4500
001
154815
040
_c
Escola São Tomás de Aquino
100
_a
CANTO, Eduardo Leite
240
1
0
_a
Ciências Naturais
_l
por
245
1
0
_a
Ciências Naturais
300
_a
320
362
0
_a
2009
697
_a
CIÊNCIAS
942
_c
BK
999
_c
154815
_d
154815